Lessons in Perception : The Avant-Garde Filmmaker As Practical Psychologist.

Bibliographic Details
Main Author: Taberham, Paul.
Format: eBook
Language:English
Published: New York, NY : Berghahn Books, Incorporated, 2018.
Edition:1st ed.
Subjects:
Online Access:Click to View
LEADER 01477nam a22003613i 4500
001 EBC31498585
003 MiAaPQ
005 20240729202206.0
006 m o d |
007 cr cnu||||||||
008 240729s2018 xx o ||||0 eng d
020 |a 9781785336423  |q (electronic bk.) 
020 |z 9781785336416 
035 |a (MiAaPQ)EBC31498585 
035 |a (Au-PeEL)EBL31498585 
040 |a MiAaPQ  |b eng  |e rda  |e pn  |c MiAaPQ  |d MiAaPQ 
050 4 |a PN1995.9.E96 T33 201 
082 0 |a 791.43611 
100 1 |a Taberham, Paul. 
245 1 0 |a Lessons in Perception :  |b The Avant-Garde Filmmaker As Practical Psychologist. 
250 |a 1st ed. 
264 1 |a New York, NY :  |b Berghahn Books, Incorporated,  |c 2018. 
264 4 |c Ã2018. 
300 |a 1 online resource (228 pages) 
336 |a text  |b txt  |2 rdacontent 
337 |a computer  |b c  |2 rdamedia 
338 |a online resource  |b cr  |2 rdacarrier 
588 |a Description based on publisher supplied metadata and other sources. 
590 |a Electronic reproduction. Ann Arbor, Michigan : ProQuest Ebook Central, 2024. Available via World Wide Web. Access may be limited to ProQuest Ebook Central affiliated libraries.  
655 4 |a Electronic books. 
776 0 8 |i Print version:  |a Taberham, Paul  |t Lessons in Perception  |d New York, NY : Berghahn Books, Incorporated,c2018  |z 9781785336416 
797 2 |a ProQuest (Firm) 
856 4 0 |u https://ebookcentral.proquest.com/lib/matrademy/detail.action?docID=31498585  |z Click to View